000 01505cam a2200301 i 4500
003 SA-RiAUC
005 20250422072839.0
008 250421s1991 su g b 000r0 ara c
040 _aSA-RiAUC
_bara
_cSA-RiAUC
_erda
082 0 4 _a237.3
_qSA-RiAUC
090 _a237.3
_b ص د ي
100 1 _aصديق حسن خان، محمد صديق بن حسن بن علي،
_d1248-1307 هجري
_eمؤلف.
245 1 2 _aالروض البسام من ترجمة بلوغ المرام ومؤلفه الإمام /
_cتأليف حسن بن صديق حسن خان ؛ تحقيق أحمد بن عبد العزيز آل عبد المحسن.
250 _aالطبعة الأولى.
264 1 _aالرياض :
_bدار الصميعي للنشر والتوزيع،
_c[1991]
300 _a104 صفحة ؛
_c24 سم
336 _aنص
_btxt
_2rdacontent
_3كتاب
337 _aبدون وسيط
_bn
_2rdamedia
338 _aمجلد
_bnc
_2rdacarrier
504 _aيشتمل على إرجاعات ببليوجرافية.
650 7 _aالحديث
_xأحكام
_2aucsh
650 7 _aالحديث
_xجوامع الفنون
_2aucsh
700 1 _aآل عبد المحسن، أحمد بن عبد العزيز
_eمحقق.
700 1 2 _aابن حجر العسقلاني، أحمد بن علي بن محمد،
_d773-852 هجري.
_tبلوغ المرام من أدلة الأحكام.
740 0 2 _aبلوغ المرام من أدلة الأحكام.
942 _2ddc
_cBOOK
_n0
949 _aSA-JeALM
_d250421
_umohamedma123
_n1
999 _c7313
_d7313